| 000 | 01311nam2a22002531 4500 | ||
|---|---|---|---|
| 001 | RU\NLR\INFOCOMM29\5000003833 | ||
| 005 | 20260303151714.0 | ||
| 035 | _a(NLR Aleph) 002469549 | ||
| 090 |
_a2326042 _c2326042 |
||
| 100 | _a20050309d1927 u y0rusy50 ca | ||
| 101 | 0 | _arus | |
| 102 | _aRU | ||
| 105 | _ay ||||000|y | ||
| 200 | 0 | _a1927, № 9 | |
| 210 | _d1927 | ||
| 461 | 0 |
_1001RU\NLR\INFOCOMM33\1000078413 _12001#$aМировое хозяйство и мировая политика$v1927, № 9 _92865048 _cМ. _d1924-1947 _fИн-т мирового хозяйства и мировой политики Акад. наук СССР _tМировое хозяйство и мировая политика _v1927, № 9 |
|
| 461 | 0 |
_1001RU\NLR\INFOCOMM29\5000003828 _12001#$aБюллетень Института мирового хозяйства и мировой политики$v1927, № 6 _92325998 _aИнститут мирового хозяйства и мировой политики (Москва) _cМ. _d1927-1928 _tБюллетень Института мирового хозяйства и мировой политики _v1927, № 6 |
|
| 801 | 0 |
_aRU _bNLR _gPSBO |
|
| 801 | 1 |
_aRU _bInfoComm _c20050309 |
|
| 852 |
_aNLR _jП22/34 |
||
| 942 | _cUNSPEC | ||
| 980 | _aNB | ||
| 980 | _aRUSPER | ||